00995 a2200229 4500001000700000020001800007040002200025041001600047082002200063100001100085245024500096250001000341260003100351300000900382362001300391490003000404500013600434697006800570942000700638952010100645999001900746130713 a85-02-02207-5 cLeonardo Da Vinci aPortuguês a346.07 B83cbB83c aBRASIL aCódigo comercialbLei n.556, de 25 de junho de 1850, atualizada e acompanhada de Legislação Complementar, inclusive Código de Proteção e Defesa do Consumidor, Lei de locação de Imóveis Urbanos e Lei de Sociedade Anônimas a44.ed bSaraivac1999aSão Paulo a1184 a19990000 aLegislação brasileira aObra coletiva de autoria da Editora Saraiva com a colabração de Antonio Luiz de Toledo e Márcia Cristina Vaz dos Santos Windt aDireitoaDireito ComercialaLegislaçãoaLeisaBrasilaFIPEN cBK 00104070a71.1b71.1d2024-03-27l0o346.07 B83cpO000328r2024-03-27 22:30:03w2024-03-27yBK c130713d130713